Catalog [of] available health, social and rehabilitative services.

Bibliographic Details
Corporate Authors: Texas. Office of Information Services, Texas. Interagency Health and Human Resources Council
Format: Government Document Book
Language:English
Published: Austin] : Office of the Governor, Office of Information Servies, [1973]
Edition:[2d ed.
Subjects:

MARC

Tag First Indicator Second Indicator Subfields
LEADER 00000cam a2200000 4500
001 in00000208921
005 20151009061539.0
008 790626s1973 txu s s00010 eng d
035 |a (OCoLC)05109081 
035 |9 AAX6268AM 
040 |a IGA  |c IGA  |d OCL  |d IGA  |d TXA  |d UtOrBLW 
043 |a n-us-tx 
049 |a TXAF  |c [1207298] 
086 |a G1004.5 Av12 1973  |2 txdocs 
090 |a HV98.T4  |b A52 
110 1 |a Texas.  |b Office of Information Services. 
245 1 0 |a Catalog [of] available health, social and rehabilitative services. 
250 |a [2d ed. 
264 1 |a Austin] :  |b Office of the Governor, Office of Information Servies,  |c [1973] 
300 |a 1 volume (various pagings) ;  |c 28 cm. 
336 |a text  |b txt  |2 rdacontent 
337 |a unmediated  |b n  |2 rdamedia 
338 |a volume  |b nc  |2 rdacarrier 
500 |a "Prepared for the Texas Interagency Health and Human Resources Council." 
500 |a "Publication number 6101-C2-0873-5M." 
650 0 |a Public welfare  |z Texas. 
650 0 |a Social service  |z Texas. 
650 0 |a Public health  |z Texas. 
710 1 |a Texas.  |b Interagency Health and Human Resources Council. 
740 0 |a Available health, social and rehabilitative services. 
740 0 |a Catalog prepared for the Texas interagency health and human resources council. 
999 |a MARS 
999 f f |s d20805a3-651d-304d-849e-f20c54f6c50f  |i 6a09e592-4797-3e20-bbf1-51a9a4c41013  |t 0 
952 f f |p normal  |a Texas A&M University  |b College Station  |c Sterling C. Evans Library  |d Evans: Texas Documents (Annex 5th floor)  |t 0  |e G1004.5 Av12 1973  |h Other scheme  |i unmediated -- volume  |m A14815931378 
952 f f |p ric  |a Texas A&M University  |b Rellis Campus  |c Joint Library Facility  |d Remote Storage  |t 0  |e HV98.T4 A52  |h Library of Congress classification  |i unmediated -- volume  |m A14805875619 
998 f f |a HV98.T4 A52  |t 0  |l Remote Storage 
998 f f |a G1004.5 Av12 1973  |t 0  |l Evans: Texas Documents (Annex 5th floor)